Combien de ville de Départements d'Outre-Mer connais-tu ? - Statistiques

Statistiques générales
  • Ce quiz a été pris 12 fois
  • Le résultat moyen est 43 sur 129
Statistiques - réponses
Population Département Ville % Correct
66327 973 Cayenne
100%
76085 972 Fort-de-France
100%
154459 974 Saint-Denis
100%
84822 974 Saint-Pierre
100%
4159 972 Saint-Pierre
100%
10108 971 Basse-Terre
91%
25037 973 Kourou
91%
14581 971 Pointe-à-Pitre
91%
32864 974 Le Port
82%
81728 974 Le Tampon
82%
976 Mamoudzou
82%
53443 971 Les Abymes
73%
57329 974 Saint-André
73%
105597 974 Saint-Paul
73%
976 Koungou
64%
27186 971 Le Gosier
64%
40191 972 Le Lamentin
64%
24781 971 Petit-Bourg
64%
24665 971 Sainte-Anne
64%
4532 972 Sainte-Anne
64%
34774 974 Sainte-Marie
64%
15021 972 Sainte-Marie
64%
49475 973 Saint-Laurent-du-Maroni
64%
30774 971 Baie-Mahault
55%
22499 971 Le Moule
55%
37265 974 Saint-Benoît
55%
24327 974 Sainte-Suzanne
55%
12322 971 Saint-François
55%
35224 974 Saint-Leu
55%
17788 971 Capesterre-Belle-Eau
45%
5651 974 Cilaos
45%
976 Dzaoudzi
45%
11995 972 La Trinité
45%
5519 972 Le Diamant
45%
21793 972 Le Robert
45%
9904 973 Maripasoula
45%
38997 974 Saint-Joseph
45%
16362 972 Saint-Joseph
45%
54322 974 Saint-Louis
45%
2494 971 Saint-Louis
45%
19638 972 Schœlcher
45%
13622 974 Bras-Panon
36%
17765 972 Ducos
36%
33766 974 La Possession
36%
16256 972 Le François
36%
34666 973 Matoury
36%
26126 973 Remire-Montjoly
36%
18101 971 Sainte-Rose
36%
6317 974 Sainte-Rose
36%
1562 971 Terre-de-Haut
36%
7245 971 Vieux-Habitants
36%
3929 971 Anse-Bertrand
27%
4023 971 Deshaies
27%
7748 971 Gourbeyre
27%
7778 971 Goyave
27%
4874 971 Grand-Bourg
27%
1436 971 La Désirade
27%
18071 971 Lamentin
27%
8718 972 Le Marin
27%
16436 971 Morne-à-l'Eau
27%
11818 972 Rivière-Pilote
27%
12024 972 Rivière-Salée
27%
10735 971 Saint-Claude
27%
960 971 Terre-de-Bas
27%
7870 971 Trois-Rivières
27%
976 Acoua
18%
976 Bandraboua
18%
976 Bandrele
18%
976 Bouéni
18%
6869 971 Bouillante
18%
3274 971 Capesterre-de-Marie-Galante
18%
4533 972 Case-Pilote
18%
976 Chiconi
18%
976 Chirongui
18%
976 Dembeni
18%
7109 974 Entre-Deux
18%
1742 973 Iracoubo
18%
6819 974 La Plaine-des-Palmistes
18%
3475 972 Le Carbet
18%
6798 972 Le Lorrain
18%
1837 972 Le Morne-Vert
18%
1304 972 Le Prêcheur
18%
11680 974 Les Avirons
18%
7320 972 Les Trois-Îlets
18%
13841 974 L'Étang-Salé
18%
8647 972 Le Vauclin
18%
1037 972 Macouba
18%
19252 973 Macouria
18%
976 Mtsamboro
18%
8319 971 Petit-Canal
18%
5680 971 Port-Louis
18%
976 Sada
18%
9627 972 Sainte-Luce
18%
4396 973 Saint-Georges
18%
5150 974 Saint-Philippe
18%
7386 974 Salazie
18%
160 973 Saül
18%
976 Tsingoni
18%
1871 971 Vieux-Fort
18%
1488 973 Awala-Yalimapo
9%
5210 971 Baillif
9%
2768 972 Basse-Pointe
9%
1918 973 Camopi
9%
568 972 Grand'Rivière
9%
8865 973 Grand-Santi
9%
9822 972 Gros-Morne
9%
976 Kani-Kéli
9%
3126 972 Le Marigot
9%
4695 972 Le Morne-Rouge
9%
3656 972 Les Anses-d'Arlet
9%
7043 974 Les Trois-Bassins
9%
11763 973 Mana
9%
3161 973 Montsinéry-Tonnegrande
9%
976 M'Tsangamouji
9%
267 973 Ouanary
9%
976 Ouangani
9%
976 Pamandzi
9%
5701 973 Papaichton
9%
12543 974 Petite-Île
9%
6095 971 Pointe-Noire
9%
870 973 Régina
9%
3490 973 Roura
9%
245 973 Saint-Élie
9%
10218 972 Saint-Esprit
9%
2899 973 Sinnamary
9%
9603 973 Apatou
0%
1984 972 Bellefontaine
0%
673 972 Fonds-Saint-Denis
0%
1770 972 L'Ajoupa-Bouillon
0%
Aucun quiz correspondant
Distribution des résultats
% des personnes avec chaque résultat
Percentile par nombre de réponses
Votre historique - résultats
Vous n’avez pas pris ce quiz